ბათუმის შოთა რუსთაველის სახელმწიფო უნივერსიტეტის ბიბლიოთეკა

ტურიზმი. ეკონომოკა და ბიზნესი.II საერთაშორისო სამეცნიერო– პრაქტიკული კონფერენცია. 4–5 ივნისი შოთა რუსთაველის სახ. უნ–ტი ტურიზმის ფაკ–ტი. აჭარის არ ტურიზმის და კუროტების დეპარტამენტი. (ბიბ.ჩანაწერი № 36566)

000 -LEADER
fixed length control field 00932nam a2200181Ia 4500
001 - CONTROL NUMBER
control field 2485
003 - CONTROL NUMBER IDENTIFIER
control field GE_BSU
008 - FIXED-LENGTH DATA ELEMENTS--GENERAL INFORMATION
fixed length control field 181216s||||||||xx |||||||||||||| ||und||
040 ## - CATALOGING SOURCE
Transcribing agency GE_BSU
080 ## - UNIVERSAL DECIMAL CLASSIFICATION NUMBER
Universal Decimal Classification number 338.48(063)
245 ## - TITLE STATEMENT
Title ტურიზმი. ეკონომოკა და ბიზნესი.II საერთაშორისო სამეცნიერო– პრაქტიკული კონფერენცია. 4–5 ივნისი შოთა რუსთაველის სახ. უნ–ტი ტურიზმის ფაკ–ტი. აჭარის არ ტურიზმის და კუროტების დეპარტამენტი.
260 ## - PUBLICATION, DISTRIBUTION, ETC.
Place of publication, distribution, etc. ბათუმი
260 ## - PUBLICATION, DISTRIBUTION, ETC.
Date of publication, distribution, etc. 2011
300 ## - PHYSICAL DESCRIPTION
Extent 758 გვ. 29 სმ.
653 ## - INDEX TERM--UNCONTROLLED
Uncontrolled term ტურიზმი, ეკონომიკა, ბიზნესი;
942 ## - ADDED ENTRY ELEMENTS (KOHA)
Koha item type წიგნი
ეგზემპლარები
Withdrawn status Lost status Damaged status Not for loan Date acquired Barcode Date last seen Price effective from Koha item type Public note
        2018-12-17 894 2018-12-17 2018-12-17 წიგნი დარბაზი